00219nam a22000977a 4500003000400000082001400004100001800018245004500036260003200081300000800113SGT a823bMCD  aMCDUFF DAVID  aFYODOR DOSTOYEVSKY CRIME AND PUNISHMENT  aLONDON bPENGUIN PUB c2003 a671